[Event "World Chess Olympiad 2018"]
[Site "Batumi"]
[Date "2018.09.26"]
[Round "3"]
[Board "3"]
[WhiteFideId "16400135"]
[White "Mwale Joseph"]
[BlackFideId "5900077"]
[Black "Savva Panikos"]
[Result "1-0"]
[LiveChessVersion "1.4.8"]
[BlackElo "2062"]
[WhiteElo "2231"]

1. d4 {[%clk 1:30:58]} Nf6 {[%clk 1:30:47]} 2. Nf3 {[%clk 1:31:20]} g6
{[%clk 1:31:01]} 3. g3 {[%clk 1:31:44]} Bg7 {[%clk 1:31:19]} 4. Bg2
{[%clk 1:32:10]} O-O {[%clk 1:31:25]} 5. O-O {[%clk 1:32:37]} d5 {[%clk 1:30:43]}
6. c4 {[%clk 1:33:02]} c6 {[%clk 1:21:28]} 7. Qb3 {[%clk 1:33:15]} Qb6
{[%clk 1:18:58]} 8. Nc3 {[%clk 1:32:42]} dxc4 {[%clk 1:03:03]} 9. Qxc4
{[%clk 1:33:09]} Be6 {[%clk 1:02:48]} 10. Qd3 {[%clk 1:33:28]} Nd5
{[%clk 1:00:36]} 11. Na4 {[%clk 1:32:56]} Qa6 {[%clk 0:53:51]} 12. Qd1
{[%clk 1:26:22]} b6 {[%clk 0:44:17]} 13. Ng5 {[%clk 1:20:12]} Bd7
{[%clk 0:44:02]} 14. Re1 {[%clk 1:18:17]} h6 {[%clk 0:39:04]} 15. Nf3
{[%clk 1:16:40]} Rd8 {[%clk 0:31:04]} 16. e4 {[%clk 1:15:05]} Nf6
{[%clk 0:26:39]} 17. Nc3 {[%clk 1:11:06]} Qc8 {[%clk 0:25:14]} 18. Bf4
{[%clk 1:04:38]} Bg4 {[%clk 0:21:28]} 19. Rc1 {[%clk 0:59:50]} Nh5
{[%clk 0:18:11]} 20. Be3 {[%clk 0:56:08]} Qd7 {[%clk 0:15:26]} 21. Qb3
{[%clk 0:52:45]} Be6 {[%clk 0:10:52]} 22. d5 {[%clk 0:49:04]} cxd5
{[%clk 0:10:12]} 23. exd5 {[%clk 0:49:15]} Bh3 {[%clk 0:10:05]} 24. Bh1
{[%clk 0:35:11]} Na6 {[%clk 0:08:16]} 25. Qc4 {[%clk 0:34:17]} Qc8
{[%clk 0:05:49]} 26. Qe2 {[%clk 0:32:56]} Nc5 {[%clk 0:05:25]} 27. Bxc5
{[%clk 0:28:22]} Qxc5 {[%clk 0:05:38]} 28. Qxe7 {[%clk 0:28:32]} Qxe7
{[%clk 0:03:10]} 29. Rxe7 {[%clk 0:28:56]} Rac8 {[%clk 0:01:38]} 30. Nd2
{[%clk 0:27:19]} b5 {[%clk 0:01:45]} 31. a3 {[%clk 0:25:09]} a5 {[%clk 0:01:39]}
32. Rb7 {[%clk 0:25:28]} b4 {[%clk 0:01:17]} 33. axb4 {[%clk 0:25:49]} axb4
{[%clk 0:01:40]} 34. Rxb4 {[%clk 0:26:13]} Rb8 {[%clk 0:01:44]} 35. Rxb8
{[%clk 0:26:07]} Rxb8 {[%clk 0:02:12]} 36. Nc4 {[%clk 0:26:16]} Rb4
{[%clk 0:02:25]} 37. Nd1 {[%clk 0:24:55]} Bg4 {[%clk 0:02:12]} 38. Nde3
{[%clk 0:22:03]} Bd7 {[%clk 0:02:24]} 39. Rb1 {[%clk 0:21:01]} Rb3
{[%clk 0:01:44]} 40. d6 {[%clk 0:51:01]} Bd4 {[%clk 0:31:16]} 41. Rd1
{[%clk 0:48:30]} Bg7 {[%clk 0:25:42]} 42. Bf3 {[%clk 0:47:38]} Rb5
{[%clk 0:23:18]} 43. Nd5 {[%clk 0:47:12]} Nf6 {[%clk 0:16:48]} 44. Ne7+
{[%clk 0:32:59]} Kh7 {[%clk 0:13:58]} 45. Ra1 {[%clk 0:31:16]} Rc5
{[%clk 0:08:09]} 46. Nb6 {[%clk 0:30:52]} Bh3 {[%clk 0:08:12]} 47. g4
{[%clk 0:29:36]} h5 {[%clk 0:07:26]} 48. d7 {[%clk 0:29:30]} Nxd7
{[%clk 0:07:38]} 49. Nxd7 {[%clk 0:29:57]} Rc7 {[%clk 0:07:49]} 50. Rd1
{[%clk 0:30:21]} hxg4 {[%clk 0:08:03]} 51. Bg2 {[%clk 0:30:42]} Bxb2
{[%clk 0:07:30]} 52. Kf1 {[%clk 0:29:56]} Kg7 {[%clk 0:07:02]} 53. Bxh3
{[%clk 0:23:40]} gxh3 {[%clk 0:07:31]} 54. Rd3 {[%clk 0:24:02]} Bc1
{[%clk 0:05:18]} 55. f4 {[%clk 0:19:47]} Bxf4 {[%clk 0:05:12]} 56. Nd5
{[%clk 0:20:06]} Rxd7 {[%clk 0:04:56]} 57. Nxf4 {[%clk 0:20:33]} Ra7
{[%clk 0:04:58]} 58. Nxh3 {[%clk 0:20:48]} Ra2 {[%clk 0:05:12]} 59. Nf2
{[%clk 0:21:08]} Rc2 {[%clk 0:05:23]} 60. Kg2 {[%clk 0:21:32]} Ra2
{[%clk 0:05:30]} 61. Kg3 {[%clk 0:21:44]} Rb2 {[%clk 0:05:47]} 62. Rd7
{[%clk 0:21:52]} Rb3+ {[%clk 0:05:18]} 63. Kh4 {[%clk 0:21:39]} Rb5
{[%clk 0:04:20]} 64. Kg3 {[%clk 0:20:59]} Rb3+ {[%clk 0:04:19]} 65. Kf4
{[%clk 0:21:23]} Rb2 {[%clk 0:03:59]} 66. Ke3 {[%clk 0:21:30]} Ra2
{[%clk 0:04:08]} 67. h3 {[%clk 0:21:44]} Ra3+ {[%clk 0:02:30]} 68. Nd3
{[%clk 0:22:12]} Ra5 {[%clk 0:02:43]} 69. Nf4 {[%clk 0:21:34]} Re5+
{[%clk 0:02:17]} 70. Kf3 {[%clk 0:21:40]} Re1 {[%clk 0:01:58]} 71. Nd3
{[%clk 0:19:58]} Re6 {[%clk 0:02:01]} 72. Kf4 {[%clk 0:19:50]} Rf6+
{[%clk 0:02:02]} 73. Kg4 {[%clk 0:20:07]} Re6 {[%clk 0:02:15]} 74. Ra7
{[%clk 0:19:39]} Re3 {[%clk 0:01:51]} 75. Nf4 {[%clk 0:19:55]} Re1
{[%clk 0:02:00]} 76. Nd5 {[%clk 0:18:44]} Rg1+ {[%clk 0:02:03]} 77. Kf4
{[%clk 0:18:53]} Rh1 {[%clk 0:02:12]} 78. Ra3 {[%clk 0:19:12]} Rd1
{[%clk 0:02:00]} 79. Nc7 {[%clk 0:19:09]} Rd7 {[%clk 0:02:37]} 80. Ne8+
{[%clk 0:19:57]} Kh6 {[%clk 0:01:43]} 81. Re3 {[%clk 0:18:35]} Rd5
{[%clk 0:01:00]} 82. Re7 {[%clk 0:18:42]} Rf5+ {[%clk 0:01:14]} 83. Kg3
{[%clk 0:18:48]} Rf1 {[%clk 0:01:30]} 84. Kg2 {[%clk 0:18:56]} Rf4
{[%clk 0:01:30]} 85. Re1 {[%clk 0:19:14]} Ra4 {[%clk 0:01:22]} 86. Re7
{[%clk 0:18:12]} Rf4 {[%clk 0:01:43]} 87. Ra7 {[%clk 0:18:28]} Kg5
{[%clk 0:01:18]} 88. Nd6 {[%clk 0:18:27]} f5 {[%clk 0:01:31]} 89. Ra6
{[%clk 0:18:11]} Rd4 {[%clk 0:01:09]} 90. Nf7+ {[%clk 0:18:35]} Kh5
{[%clk 0:01:18]} 91. Ne5 {[%clk 0:18:56]} Rd2+ {[%clk 0:01:20]} 92. Kf3
{[%clk 0:18:57]} g5 {[%clk 0:01:28]} 93. Nf7 1-0

[Event "World Chess Olympiad 2018"]
[Site "Batumi"]
[Date "2018.09.26"]
[Round "3"]
[Board "4"]
[WhiteFideId "5902355"]
[White "Damianou Ioannis"]
[BlackFideId "20500882"]
[Black "Chiona Richard"]
[Result "1/2-1/2"]
[LiveChessVersion "1.4.8"]
[BlackElo "1900"]
[WhiteElo "2008"]

1. e4 {[%clk 1:30:56]} d6 {[%clk 1:30:29]} 2. d4 {[%clk 1:30:42]} Nf6
{[%clk 1:30:18]} 3. Nc3 {[%clk 1:31:07]} g6 {[%clk 1:30:14]} 4. f4
{[%clk 1:31:22]} Bg7 {[%clk 1:30:18]} 5. Nf3 {[%clk 1:31:47]} O-O
{[%clk 1:30:24]} 6. Bd3 {[%clk 1:32:08]} Na6 {[%clk 1:28:47]} 7. O-O
{[%clk 1:27:41]} c5 {[%clk 1:27:52]} 8. d5 {[%clk 1:27:39]} Nc7 {[%clk 1:26:27]}
9. Qe2 {[%clk 1:24:59]} a6 {[%clk 1:25:28]} 10. a4 {[%clk 1:25:04]} Rb8
{[%clk 1:25:37]} 11. a5 {[%clk 1:19:52]} b5 {[%clk 1:25:41]} 12. axb6
{[%clk 1:20:17]} Rxb6 {[%clk 1:26:05]} 13. Na4 {[%clk 1:10:42]} Rb8
{[%clk 1:25:48]} 14. c4 {[%clk 1:10:12]} e6 {[%clk 1:17:01]} 15. Qc2
{[%clk 1:00:34]} exd5 {[%clk 1:12:51]} 16. exd5 {[%clk 0:58:58]} Ng4
{[%clk 1:06:10]} 17. Bd2 {[%clk 0:57:12]} Bd7 {[%clk 1:04:07]} 18. Nc3
{[%clk 0:50:59]} f5 {[%clk 1:00:16]} 19. Nd1 {[%clk 0:44:15]} Re8
{[%clk 0:55:48]} 20. Rb1 {[%clk 0:42:51]} Qe7 {[%clk 0:49:12]} 21. h3
{[%clk 0:40:20]} Nf6 {[%clk 0:47:11]} 22. b4 {[%clk 0:38:49]} Ne4
{[%clk 0:42:50]} 23. Re1 {[%clk 0:36:21]} Qf8 {[%clk 0:43:07]} 24. Nf2
{[%clk 0:34:09]} Nxf2 {[%clk 0:42:01]} 25. Kxf2 {[%clk 0:34:17]} Rxe1
{[%clk 0:39:39]} 26. Bxe1 {[%clk 0:34:24]} cxb4 {[%clk 0:33:06]} 27. Rxb4
{[%clk 0:31:48]} Rxb4 {[%clk 0:28:20]} 28. Bxb4 {[%clk 0:32:12]} Qf6
{[%clk 0:28:39]} 29. Ba5 {[%clk 0:30:20]} Ne8 {[%clk 0:28:58]} 30. c5
{[%clk 0:23:51]} dxc5 {[%clk 0:26:24]} 31. Qxc5 {[%clk 0:21:32]} Bf8
{[%clk 0:25:32]} 32. Qb6 {[%clk 0:14:40]} Qxb6+ {[%clk 0:25:01]} 33. Bxb6
{[%clk 0:15:05]} Bb5 {[%clk 0:24:18]} 34. Ke3 {[%clk 0:13:25]} Nf6
{[%clk 0:19:25]} 35. Bxb5 {[%clk 0:13:43]} Nxd5+ {[%clk 0:19:08]} 36. Kd4
{[%clk 0:14:07]} Nxb6 {[%clk 0:18:59]} 37. Bxa6 {[%clk 0:14:32]} Kf7
{[%clk 0:17:22]} 38. Ng5+ {[%clk 0:14:20]} Kg7 {[%clk 0:16:28]} 39. Ne6+
{[%clk 0:14:33]} Kf7 {[%clk 0:16:36]} 40. Nxf8 {[%clk 0:45:01]} Kxf8
{[%clk 0:47:02]} 41. Bb5 {[%clk 0:41:12]} Ke7 {[%clk 0:46:57]} 42. Ke5
{[%clk 0:41:12]} Nc8 {[%clk 0:45:42]} 43. g4 {[%clk 0:38:51]} Nd6
{[%clk 0:45:49]} 44. Bd3 {[%clk 0:39:17]} Nf7+ {[%clk 0:45:36]} 45. Kd5
{[%clk 0:38:48]} Kf6 {[%clk 0:42:26]} 46. Kd4 {[%clk 0:39:06]} Nd6
{[%clk 0:34:56]} 47. Kd5 {[%clk 0:39:15]} 1/2-1/2

[Event "World Chess Olympiad 2018"]
[Site "Batumi"]
[Date "2018.09.26"]
[Round "3"]
[Board "1"]
[WhiteFideId "14306310"]
[White "Degondo Simplice Armel"]
[BlackFideId "7105029"]
[Black "Priasmoro Novendra"]
[Result "0-1"]
[LiveChessVersion "1.4.8"]
[BlackElo "2498"]
[WhiteElo "2138"]

1. c4 {[%clk 1:30:48]} Nf6 {[%clk 1:30:00]} 2. Nc3 {[%clk 1:31:15]} g6
{[%clk 1:30:19]} 3. g3 {[%clk 1:31:43]} Bg7 {[%clk 1:30:45]} 4. Bg2
{[%clk 1:32:03]} d6 {[%clk 1:31:08]} 5. Nf3 {[%clk 1:32:17]} O-O {[%clk 1:31:23]}
6. O-O {[%clk 1:32:44]} Nc6 {[%clk 1:31:32]} 7. Rb1 {[%clk 1:33:04]} e5
{[%clk 1:31:45]} 8. d3 {[%clk 1:33:32]} a5 {[%clk 1:30:56]} 9. a3
{[%clk 1:33:53]} Bf5 {[%clk 1:30:38]} 10. Bg5 {[%clk 1:28:37]} h6
{[%clk 1:30:05]} 11. Bxf6 {[%clk 1:29:05]} Bxf6 {[%clk 1:30:22]} 12. b4
{[%clk 1:29:29]} axb4 {[%clk 1:30:21]} 13. axb4 {[%clk 1:29:57]} Qd7
{[%clk 1:30:22]} 14. Nd5 {[%clk 1:26:28]} Bg7 {[%clk 1:29:37]} 15. b5
{[%clk 1:20:16]} Nd8 {[%clk 1:26:49]} 16. Nd2 {[%clk 1:10:03]} Be6
{[%clk 1:24:38]} 17. b6 {[%clk 1:06:02]} c6 {[%clk 1:23:31]} 18. Nc7
{[%clk 1:03:28]} Ra2 {[%clk 1:23:30]} 19. Ne4 {[%clk 0:57:04]} Bg4
{[%clk 1:17:49]} 20. Nc3 {[%clk 0:32:59]} Ra3 {[%clk 1:16:58]} 21. Qd2
{[%clk 0:24:43]} Ne6 {[%clk 0:44:52]} 22. Qb2 {[%clk 0:16:54]} Rxc3
{[%clk 0:43:02]} 23. Qxc3 {[%clk 0:17:22]} Nd4 {[%clk 0:40:34]} 24. Rfe1
{[%clk 0:06:37]} Bxe2 {[%clk 0:40:06]} 25. Qxd4 {[%clk 0:06:06]} exd4
{[%clk 0:40:28]} 26. Rxe2 {[%clk 0:06:31]} Qf5 {[%clk 0:39:50]} 27. Be4
{[%clk 0:02:15]} Qa5 {[%clk 0:40:09]} 28. Kg2 {[%clk 0:01:14]} Bf6
{[%clk 0:39:45]} 29. Bxc6 {[%clk 0:00:53]} bxc6 {[%clk 0:38:06]} 30. Ne8
{[%clk 0:00:54]} Be5 {[%clk 0:38:08]} 31. b7 {[%clk 0:00:48]} Rxe8
{[%clk 0:38:31]} 32. b8=Q {[%clk 0:00:55]} Rxb8 {[%clk 0:38:59]} 33. Rxb8+
{[%clk 0:01:12]} Kg7 {[%clk 0:39:12]} 34. f4 {[%clk 0:01:21]} Bf6
{[%clk 0:39:33]} 35. Ree8 {[%clk 0:01:27]} Qd2+ {[%clk 0:39:29]} 36. Kh3
{[%clk 0:01:52]} Qd1 {[%clk 0:39:20]} 37. Kg2 {[%clk 0:02:00]} Qd2+
{[%clk 0:38:17]} 38. Kg1 {[%clk 0:02:00]} Qxd3 {[%clk 0:37:18]} 39. Rg8+
{[%clk 0:02:28]} Kh7 {[%clk 0:37:36]} 40. Rgf8 {[%clk 0:32:50]} Qe3+
{[%clk 1:07:29]} 41. Kg2 {[%clk 0:33:17]} Qe2+ {[%clk 1:05:43]} 42. Kg1
{[%clk 0:33:40]} d3 {[%clk 1:04:48]} 43. Rxf7+ {[%clk 0:33:57]} Bg7
{[%clk 1:05:18]} 44. Rbb7 {[%clk 0:34:25]} d2 {[%clk 1:05:12]} 0-1

[Event "World Chess Olympiad 2018"]
[Site "Batumi"]
[Date "2018.09.26"]
[Round "3"]
[Board "2"]
[WhiteFideId "7101554"]
[White "Cuhendi Sean Winshand"]
[BlackFideId "20800088"]
[Black "Ble Kouko Hubert"]
[Result "1-0"]
[LiveChessVersion "1.4.8"]
[BlackElo "1829"]
[WhiteElo "2441"]

1. d4 {[%clk 1:29:39]} Nf6 {[%clk 1:29:40]} 2. Bf4 {[%clk 1:29:51]} e6
{[%clk 1:29:35]} 3. e3 {[%clk 1:30:11]} d5 {[%clk 1:29:41]} 4. Nd2
{[%clk 1:30:36]} Bd6 {[%clk 1:29:03]} 5. Bg3 {[%clk 1:31:02]} c5 {[%clk 1:24:42]}
6. c3 {[%clk 1:30:34]} Qc7 {[%clk 1:18:10]} 7. Ngf3 {[%clk 1:30:30]} Nbd7
{[%clk 1:18:20]} 8. Bd3 {[%clk 1:25:01]} O-O {[%clk 1:17:27]} 9. O-O
{[%clk 1:24:11]} Re8 {[%clk 1:07:00]} 10. c4 {[%clk 1:20:13]} e5 {[%clk 0:53:55]}
11. dxe5 {[%clk 1:20:06]} Nxe5 {[%clk 0:54:23]} 12. Nxe5 {[%clk 1:20:29]} Bxe5
{[%clk 0:54:23]} 13. cxd5 {[%clk 1:19:28]} Nxd5 {[%clk 0:39:50]} 14. Qa4
{[%clk 1:12:18]} Nf6 {[%clk 0:30:59]} 15. Ne4 {[%clk 1:08:48]} Bd7
{[%clk 0:31:20]} 16. Nxf6+ {[%clk 1:09:09]} Bxf6 {[%clk 0:31:49]} 17. Bxh7+
{[%clk 1:08:52]} Kh8 {[%clk 0:31:42]} 18. Qd1 {[%clk 1:08:24]} Qc8
{[%clk 0:29:57]} 19. Bc2 {[%clk 1:07:57]} g6 {[%clk 0:28:18]} 20. Qf3
{[%clk 1:07:15]} Kg7 {[%clk 0:28:43]} 21. Rab1 {[%clk 1:04:54]} Bc6
{[%clk 0:24:15]} 22. Qe2 {[%clk 1:04:27]} b5 {[%clk 0:22:50]} 23. Rfd1
{[%clk 1:04:01]} Qb7 {[%clk 0:23:15]} 24. Qg4 {[%clk 1:01:59]} Rad8
{[%clk 0:21:09]} 25. Rd6 {[%clk 1:02:15]} Rxd6 {[%clk 0:20:31]} 26. Bxd6
{[%clk 1:02:42]} c4 {[%clk 0:20:40]} 27. Bb4 {[%clk 1:02:05]} Qc7
{[%clk 0:18:54]} 28. Bc3 {[%clk 0:58:59]} Qe7 {[%clk 0:17:02]} 29. Rd1
{[%clk 0:57:25]} Rd8 {[%clk 0:16:06]} 30. Bxf6+ {[%clk 0:56:38]} Qxf6
{[%clk 0:16:34]} 31. Rxd8 {[%clk 0:57:03]} Qxd8 {[%clk 0:17:02]} 32. Qd4+
{[%clk 0:57:11]} Qf6 {[%clk 0:16:13]} 33. a3 {[%clk 0:54:50]} a6 {[%clk 0:13:50]}
34. f3 {[%clk 0:55:11]} Bb7 {[%clk 0:14:03]} 35. Kf2 {[%clk 0:55:33]} Bc8
{[%clk 0:13:36]} 36. Be4 {[%clk 0:55:24]} Be6 {[%clk 0:13:15]} 37. Bc6
{[%clk 0:55:42]} Bc8 {[%clk 0:12:08]} 38. Ke2 {[%clk 0:56:07]} Be6
{[%clk 0:10:16]} 39. Kd2 {[%clk 0:56:13]} Bc8 {[%clk 0:07:18]} 40. Kc3
{[%clk 1:22:16]} Qxd4+ {[%clk 0:36:55]} 41. Kxd4 {[%clk 1:22:40]} Kf6
{[%clk 0:36:00]} 42. h4 {[%clk 1:22:58]} Ke7 {[%clk 0:35:13]} 43. g4
{[%clk 1:23:17]} Kd6 {[%clk 0:31:26]} 44. Bd5 {[%clk 1:23:34]} f6
{[%clk 0:31:26]} 45. h5 {[%clk 1:23:58]} gxh5 {[%clk 0:31:12]} 46. gxh5
{[%clk 1:24:14]} Bf5 {[%clk 0:18:17]} 47. h6 {[%clk 1:23:34]} Bh7
{[%clk 0:18:09]} 48. Bb7 {[%clk 1:23:42]} a5 {[%clk 0:18:03]} 49. e4
{[%clk 1:24:09]} Kc7 {[%clk 0:16:38]} 50. Ba6 {[%clk 1:24:29]} f5
{[%clk 0:12:23]} 51. Bxb5 {[%clk 1:24:47]} fxe4 {[%clk 0:12:51]} 52. fxe4
{[%clk 1:25:09]} Kd6 {[%clk 0:12:57]} 53. Bxc4 {[%clk 1:25:33]} Kc6
{[%clk 0:10:03]} 1-0

[Event "World Chess Olympiad 2018"]
[Site "Batumi"]
[Date "2018.09.26"]
[Round "3"]
[Board "3"]
[WhiteFideId "21200203"]
[White "Kouya Tyeoulou Bernardin Franklin"]
[BlackFideId "7101589"]
[Black "Setyaki Azarya Jodi"]
[Result "0-1"]
[LiveChessVersion "1.4.8"]
[BlackElo "2316"]
[WhiteElo "1753"]

1. d4 {[%clk 1:30:26]} Nf6 {[%clk 1:30:36]} 2. Nf3 {[%clk 1:30:43]} g6
{[%clk 1:31:02]} 3. Bg5 {[%clk 1:30:36]} Bg7 {[%clk 1:31:26]} 4. Nbd2
{[%clk 1:30:48]} d6 {[%clk 1:31:41]} 5. e3 {[%clk 1:30:31]} h6 {[%clk 1:31:58]}
6. Bh4 {[%clk 1:30:48]} g5 {[%clk 1:32:17]} 7. Bg3 {[%clk 1:31:04]} Nh5
{[%clk 1:32:32]} 8. Bd3 {[%clk 1:31:13]} e6 {[%clk 1:32:05]} 9. c3
{[%clk 1:30:45]} Nd7 {[%clk 1:29:59]} 10. Qe2 {[%clk 1:30:57]} Qe7
{[%clk 1:26:28]} 11. Bc2 {[%clk 1:25:18]} O-O {[%clk 1:12:33]} 12. Qd3
{[%clk 1:22:19]} f5 {[%clk 1:10:54]} 13. h3 {[%clk 1:14:44]} Nxg3
{[%clk 0:53:21]} 14. fxg3 {[%clk 1:14:59]} e5 {[%clk 0:53:24]} 15. Qc4+
{[%clk 1:14:46]} Kh8 {[%clk 0:53:42]} 16. Qxc7 {[%clk 1:15:04]} exd4
{[%clk 0:52:15]} 17. e4 {[%clk 1:14:14]} dxc3 {[%clk 0:50:34]} 18. bxc3
{[%clk 1:14:32]} fxe4 {[%clk 0:49:08]} 19. Nd4 {[%clk 1:14:38]} d5
{[%clk 0:49:03]} 20. Ke2 {[%clk 1:12:56]} b6 {[%clk 0:45:57]} 21. Qc6
{[%clk 1:12:34]} Qc5 {[%clk 0:44:33]} 22. Qxc5 {[%clk 1:12:07]} bxc5
{[%clk 0:44:57]} 23. Ne6 {[%clk 1:12:21]} Bxc3 {[%clk 0:45:14]} 24. Rab1
{[%clk 1:10:51]} Ba6+ {[%clk 0:45:31]} 25. Kd1 {[%clk 1:10:46]} Rf2
{[%clk 0:45:16]} 26. Nb3 {[%clk 1:10:28]} Rc8 {[%clk 0:45:19]} 27. Rg1
{[%clk 1:10:08]} Rc6 {[%clk 0:45:24]} 28. Nd8 {[%clk 1:09:48]} Rcf6
{[%clk 0:45:49]} 0-1

[Event "World Chess Olympiad 2018"]
[Site "Batumi"]
[Date "2018.09.26"]
[Round "3"]
[Board "1"]
[WhiteFideId "6800068"]
[White "McTigue James"]
[BlackFideId "405817"]
[Black "Greet Andrew N"]
[Result "0-1"]
[LiveChessVersion "1.4.8"]
[BlackElo "2441"]
[WhiteElo "2116"]

1. d4 {[%clk 1:30:55]} Nf6 {[%clk 1:28:48]} 2. c4 {[%clk 1:31:15]} e6
{[%clk 1:29:10]} 3. Nf3 {[%clk 1:31:25]} b6 {[%clk 1:29:26]} 4. g3
{[%clk 1:31:00]} Ba6 {[%clk 1:29:43]} 5. Qc2 {[%clk 1:26:33]} c5 {[%clk 1:28:42]}
6. Bg2 {[%clk 1:24:57]} Bb7 {[%clk 1:28:39]} 7. O-O {[%clk 1:23:13]} cxd4
{[%clk 1:28:40]} 8. Nxd4 {[%clk 1:23:10]} Bxg2 {[%clk 1:29:01]} 9. Kxg2
{[%clk 1:23:29]} Qc7 {[%clk 1:27:25]} 10. Rd1 {[%clk 1:05:26]} Be7
{[%clk 1:23:42]} 11. e4 {[%clk 1:02:19]} a6 {[%clk 1:22:41]} 12. Qe2
{[%clk 1:00:44]} d6 {[%clk 1:21:53]} 13. Nc3 {[%clk 0:59:49]} O-O
{[%clk 1:22:03]} 14. Bg5 {[%clk 0:56:48]} Nbd7 {[%clk 1:18:12]} 15. Rac1
{[%clk 0:49:13]} Rac8 {[%clk 1:06:37]} 16. b3 {[%clk 0:48:52]} Qb7
{[%clk 1:06:49]} 17. f3 {[%clk 0:47:25]} Rfe8 {[%clk 1:06:05]} 18. Qd2
{[%clk 0:43:53]} Ne5 {[%clk 0:56:42]} 19. Qe2 {[%clk 0:36:06]} h6
{[%clk 0:48:40]} 20. Bd2 {[%clk 0:33:13]} Bf8 {[%clk 0:48:15]} 21. h4
{[%clk 0:31:12]} Rcd8 {[%clk 0:43:46]} 22. g4 {[%clk 0:27:53]} d5
{[%clk 0:29:06]} 23. g5 {[%clk 0:25:01]} Nxe4 {[%clk 0:27:50]} 24. fxe4
{[%clk 0:24:06]} dxe4 {[%clk 0:28:06]} 25. Be3 {[%clk 0:22:12]} Nd3
{[%clk 0:28:15]} 26. gxh6 {[%clk 0:21:15]} Rxd4 {[%clk 0:27:05]} 27. Qg4
{[%clk 0:09:12]} Rdd8 {[%clk 0:19:53]} 28. Rc2 {[%clk 0:09:05]} f5
{[%clk 0:17:41]} 29. Qh5 {[%clk 0:06:31]} f4 {[%clk 0:14:20]} 30. Qg4
{[%clk 0:06:12]} fxe3 {[%clk 0:14:16]} 31. Nxe4 {[%clk 0:06:15]} Nc5
{[%clk 0:11:53]} 32. Rxd8 {[%clk 0:03:47]} Rxd8 {[%clk 0:12:13]} 33. hxg7
{[%clk 0:03:01]} Bxg7 {[%clk 0:12:22]} 34. Kf3 {[%clk 0:02:11]} Rd4
{[%clk 0:11:22]} 0-1

[Event "World Chess Olympiad 2018"]
[Site "Batumi"]
[Date "2018.09.26"]
[Round "3"]
[Board "2"]
[WhiteFideId "2402564"]
[White "Sreeves Clement"]
[BlackFideId "2402076"]
[Black "Dempsey John"]
[Result "1-0"]
[LiveChessVersion "1.4.8"]
[BlackElo "1888"]
[WhiteElo "2382"]

1. e4 {[%clk 1:30:55]} c5 {[%clk 1:30:55]} 2. Nf3 {[%clk 1:31:14]} g6
{[%clk 1:31:18]} 3. d4 {[%clk 1:31:37]} cxd4 {[%clk 1:31:44]} 4. Nxd4
{[%clk 1:32:01]} Bg7 {[%clk 1:32:09]} 5. Nc3 {[%clk 1:32:18]} Nc6
{[%clk 1:32:32]} 6. Be3 {[%clk 1:32:42]} Nf6 {[%clk 1:32:58]} 7. Bc4
{[%clk 1:33:06]} O-O {[%clk 1:33:23]} 8. Bb3 {[%clk 1:33:30]} Ng4
{[%clk 1:32:20]} 9. Qxg4 {[%clk 1:33:22]} Nxd4 {[%clk 1:32:44]} 10. Qd1
{[%clk 1:33:33]} Nxb3 {[%clk 1:31:56]} 11. axb3 {[%clk 1:33:55]} a6
{[%clk 1:31:13]} 12. Qd2 {[%clk 1:25:52]} d6 {[%clk 1:30:19]} 13. Bh6
{[%clk 1:24:02]} Be6 {[%clk 1:22:08]} 14. h4 {[%clk 1:14:05]} f6 {[%clk 1:17:59]}
15. Bxg7 {[%clk 1:13:42]} Kxg7 {[%clk 1:18:21]} 16. h5 {[%clk 1:14:02]} g5
{[%clk 1:13:54]} 17. h6+ {[%clk 1:14:07]} Kh8 {[%clk 1:13:46]} 18. Nd5
{[%clk 1:09:17]} Rc8 {[%clk 1:06:19]} 19. O-O-O {[%clk 1:07:56]} Qe8
{[%clk 0:57:42]} 20. Kb1 {[%clk 1:06:28]} b5 {[%clk 0:50:31]} 21. Rde1
{[%clk 1:01:38]} Rc5 {[%clk 0:39:18]} 22. g3 {[%clk 0:57:13]} Qf7
{[%clk 0:36:59]} 23. b4 {[%clk 0:49:26]} Rc4 {[%clk 0:33:14]} 24. b3
{[%clk 0:47:02]} Rc6 {[%clk 0:27:46]} 25. Qd4 {[%clk 0:43:49]} Rfc8
{[%clk 0:27:13]} 26. Re2 {[%clk 0:41:20]} Bg4 {[%clk 0:26:44]} 27. Rd2
{[%clk 0:40:46]} Bf3 {[%clk 0:21:59]} 28. Re1 {[%clk 0:40:24]} Rf8
{[%clk 0:21:33]} 29. Qe3 {[%clk 0:26:08]} g4 {[%clk 0:20:58]} 30. Qa7
{[%clk 0:24:57]} e6 {[%clk 0:21:06]} 31. Ne7 {[%clk 0:19:37]} Rc3
{[%clk 0:10:38]} 32. Kb2 {[%clk 0:18:52]} Re8 {[%clk 0:10:39]} 33. Kxc3
{[%clk 0:18:20]} Rxe7 {[%clk 0:11:04]} 34. Qb8+ {[%clk 0:18:25]} Re8
{[%clk 0:09:38]} 35. Qxd6 {[%clk 0:18:33]} e5 {[%clk 0:08:54]} 36. Qb6
{[%clk 0:10:02]} Qe7 {[%clk 0:08:00]} 37. Re3 {[%clk 0:09:38]} 1-0

[Event "World Chess Olympiad 2018"]
[Site "Batumi"]
[Date "2018.09.26"]
[Round "3"]
[Board "1"]
[WhiteFideId "20300166"]
[White "Ntamatungiro Wilfried"]
[BlackFideId "8102368"]
[Black "Moayed Obied"]
[Result "0-1"]
[LiveChessVersion "1.4.8"]
[BlackElo "2125"]
[WhiteElo "1765"]

1. e4 {[%clk 1:30:57]} c6 {[%clk 1:30:18]} 2. d4 {[%clk 1:31:12]} d5
{[%clk 1:30:38]} 3. e5 {[%clk 1:31:35]} Bf5 {[%clk 1:30:58]} 4. Ne2
{[%clk 1:31:57]} e6 {[%clk 1:30:56]} 5. Ng3 {[%clk 1:32:15]} Bg6 {[%clk 1:31:12]}
6. h4 {[%clk 1:32:38]} h6 {[%clk 1:31:01]} 7. h5 {[%clk 1:33:01]} Bh7
{[%clk 1:31:25]} 8. Bd3 {[%clk 1:33:20]} Bxd3 {[%clk 1:31:33]} 9. cxd3
{[%clk 1:33:41]} Qb6 {[%clk 1:26:51]} 10. Be3 {[%clk 1:33:59]} Nd7
{[%clk 1:25:36]} 11. Nd2 {[%clk 1:33:19]} c5 {[%clk 1:21:29]} 12. dxc5
{[%clk 1:33:04]} Bxc5 {[%clk 1:20:48]} 13. Bxc5 {[%clk 1:31:45]} Nxc5
{[%clk 1:14:20]} 14. O-O {[%clk 1:25:00]} Ne7 {[%clk 1:13:58]} 15. d4
{[%clk 1:24:47]} Nd7 {[%clk 1:13:47]} 16. Nb3 {[%clk 1:25:02]} O-O
{[%clk 1:13:46]} 17. Qd3 {[%clk 1:21:34]} Rac8 {[%clk 1:06:59]} 18. Rac1
{[%clk 1:21:30]} Nc6 {[%clk 1:05:00]} 19. a3 {[%clk 1:19:49]} a5 {[%clk 1:03:07]}
20. Ne2 {[%clk 1:15:14]} a4 {[%clk 1:00:49]} 21. Nd2 {[%clk 1:07:37]} f6
{[%clk 0:49:59]} 22. exf6 {[%clk 1:01:05]} Rxf6 {[%clk 0:50:25]} 23. Nf3
{[%clk 1:00:59]} Rcf8 {[%clk 0:49:15]} 24. Ng3 {[%clk 0:53:32]} Rxf3
{[%clk 0:36:31]} 25. gxf3 {[%clk 0:53:25]} Nxd4 {[%clk 0:36:50]} 26. f4
{[%clk 0:47:01]} e5 {[%clk 0:31:53]} 27. f5 {[%clk 0:44:35]} e4 {[%clk 0:29:06]}
28. Qe3 {[%clk 0:43:38]} Ne5 {[%clk 0:27:37]} 29. Rfd1 {[%clk 0:40:00]} Ndf3+
{[%clk 0:26:18]} 30. Kh1 {[%clk 0:38:58]} Qxb2 {[%clk 0:15:34]} 31. Rb1
{[%clk 0:35:23]} Qa2 {[%clk 0:15:38]} 32. Ra1 {[%clk 0:34:25]} Qc4
{[%clk 0:14:04]} 33. Rac1 {[%clk 0:29:28]} Ng4 {[%clk 0:13:06]} 34. Qb6
{[%clk 0:29:44]} Qa2 {[%clk 0:10:41]} 35. Qe6+ {[%clk 0:20:44]} Kh8
{[%clk 0:10:47]} 36. Nxe4 {[%clk 0:19:33]} Nxf2+ {[%clk 0:06:54]} 37. Nxf2
{[%clk 0:19:45]} Qxf2 {[%clk 0:07:20]} 38. Qd6 {[%clk 0:20:07]} Qh4+
{[%clk 0:06:50]} 39. Kg2 {[%clk 0:19:06]} Qg4+ {[%clk 0:07:18]} 40. Kf2
{[%clk 0:46:07]} Qxf5 {[%clk 0:36:59]} 41. Qxd5 {[%clk 0:46:07]} Ne5+
{[%clk 0:36:34]} 42. Kg2 {[%clk 0:39:16]} Qg4+ {[%clk 0:35:27]} 43. Kh1
{[%clk 0:39:29]} Qxh5+ {[%clk 0:35:24]} 44. Kg2 {[%clk 0:39:48]} Qg4+
{[%clk 0:35:48]} 45. Kh1 {[%clk 0:39:15]} Qh3+ {[%clk 0:35:30]} 46. Kg1
{[%clk 0:39:09]} Nf3+ {[%clk 0:35:08]} 47. Kf2 {[%clk 0:39:07]} Nd4+
{[%clk 0:35:22]} 48. Ke1 {[%clk 0:38:43]} Qe3# {[%clk 0:35:42]} 0-1